All Organs and Major Parts of the Human Digestive System - Statistics

General Stats
  • This quiz has been taken 25 times
  • The average score is 8 of 24
Answer Stats
Answer % Correct
Stomach
96%
Liver
74%
Esophagus
65%
Rectum
65%
Anus
61%
Gallbladder
57%
Pancreas
57%
Duodenum
43%
Teeth
43%
Tongue
39%
Appendix
35%
Ileum
22%
Ascending colon
17%
Descending colon
17%
Jejunum
17%
Cecum
13%
Pharynx
13%
Transverse colon
13%
Oral cavity
9%
Sigmoid colon
9%
Anal canal
0%
Parotid gland
0%
Sublingual gland
0%
Submandibular gland
0%
No matching quizzes found
Score Distribution
Percent of People with Each Score
Percentile by Number Answered
Your Score History
You have not taken this quiz